Online
Catalog

Business policy : (Record no. 39619)

MARC details
000 -CABECERA
campo de control de longitud fija 00564nam a2200169 a 4500
001 - NÚMERO DE CONTROL
campo de control 000040129
005 - FECHA Y HORA DE LA ÚLTIMA TRANSACCIÓN
campo de control 20201002033932.0
008 - DATOS DE LONGITUD FIJA--INFORMACIÓN GENERAL
campo de control de longitud fija 130808s1983 xxuad 000 0 spa d
020 ## - NÚMERO INTERNACIONAL ESTÁNDAR DEL LIBRO
Número Internacional Estándar del Libro 025603088X
040 ## - FUENTE DE LA CATALOGACIÓN
Centro catalogador/agencia de origen DO-SdBNP
Lengua de catalogación spa
Centro/agencia transcriptor BNPHU
082 ## - NÚMERO DE LA CLASIFICACIÓN DECIMAL DEWEY
Número de clasificación xxx
100 1# - ENTRADA PRINCIPAL--NOMBRE DE PERSONA
Nombre de persona Tate Jr., Curtis E.
9 (RLIN) 66393
245 10 - MENCIÓN DE TÍTULO
Título Business policy :
Resto del título Administrative, strategic, and constituency issues /
Mención de responsabilidad, etc. Curtis E. Tate, Jr., Marilyn L. Taylor.
260 ## - PUBLICACIÓN, DISTRIBUCIÓN, ETC.
Lugar de publicación, distribución, etc. Dallas, Texas :
Nombre del editor, distribuidor, etc. Business Publications,
Fecha de publicación, distribución, etc. 1983.
300 ## - DESCRIPCIÓN FÍSICA
Extensión ix, 706 p. :
Otras características físicas il. ;
Dimensiones 25 cm.
700 1# - PUNTO DE ACCESO ADICIONAL--NOMBRE DE PERSONA
Nombre de persona Taylor, Marilyn L.
9 (RLIN) 66394
Holdings
Estado de retiro Estado de pérdida Restricciones de uso No para préstamo Código de colección Localización permanente Ubicación/localización actual Ubicación en estantería Fecha de adquisición Número de inventario Total de préstamos Signatura topográfica completa Código de barras Fecha visto por última vez Precio válido a partir de Tipo de ítem Koha
      Excluido de préstamo Monografías: Libros y Folletos General General En catalogación 08.08.2013 LF1   xxx 40129-10 25.06.2020 25.06.2020 No se presta

Powered by Koha